| 000 | 01482cam a22003977a 4500 | ||
|---|---|---|---|
| 003 | CHAP | ||
| 005 | 20220329142404.0 | ||
| 008 | 001108d2000 mx r 00110 spa d | ||
| 010 | _a82759 | ||
| 011 | _a83731 | ||
| 035 | _a94247 | ||
| 040 | _cCHAP | ||
| 090 | _aTesis | ||
| 100 | 0 | 0 |
_aBaeza López, Jorge. _99391 |
| 245 | 1 | 0 |
_aEfecto de la ezima fitasa en la utilización del fósforo fitico en dietas a base de sorgo, gluten y soya en pollo de engorda (1-21 días) _c/por Baeza López Jorge y Mendoza Caballero Abel. |
| 260 |
_aChapingo, Méx. : _bEl autor, _c2000. |
||
| 300 |
_a49 h. : _bcuads. |
||
| 502 | _aTesis (Ing. Agr. Esp. en Zootecnia) -- UACH. Departamento de Enseñanza, Investigación y Servicio en Zootecnia. | ||
| 590 |
_aALEPH _b10 _c20130110 _lUCH01 _h1439 |
||
| 590 |
_aBATCH-UPD _b10 _c20130110 _lUCH01 _h0324 |
||
| 590 |
_aBATCH-UPD _b10 _c20130110 _lUCH01 _h1707 |
||
| 590 |
_aBATCH-UPD _b10 _c20130409 _lUCH01 _h2357 |
||
| 590 |
_aBATCH-UPD _b10 _c20130914 _lUCH01 _h0451 |
||
| 590 |
_aCONVERSION _b10 _c20130109 _lUCH01 _h1346 |
||
| 650 | 1 | 4 |
_aAves de corral _xEngorda. _98647 |
| 650 | 1 | 4 |
_aFitasa. _941151 |
| 650 | 1 | 4 |
_aFósforo _xEfecto en sorgo. _942254 |
| 650 | 1 | 4 |
_aFósforo _xEfecto en soya. _942255 |
| 650 | 1 | 4 |
_aGluten. _948338 |
| 700 | 0 |
_aMendoza Caballero, Abel. _974612 |
|
| 901 | _aBK | ||
| 905 | _aEdna Luz | ||
| 942 | _cFOLL | ||
| 949 |
_bBC _cTES _d33724000803607 _eTS2 _fc.2 _h37388 _i94247 _si |
||
| 949 |
_bBC _cTES _d942471 _eTS1 _h37387 _i94247 _sb |
||
| 999 |
_c82759 _d82759 |
||